000 00599cam a22002053a 4500
001 35970
003 PGUSA
005 20140828083756.0
008 110426s2011||||xxu|||||s|||||000 | eng d
040 _aPGUSA
_beng
042 _adc
100 1 _aRamstedt, Maria,
_d1852-1915
245 1 0 _aValo tulee! :
_bNäytelmä 1:ssä näytöksessä
_h[electronic resource] /
_cMaria Ramstedt
260 _bProject Gutenberg,
_c2011
506 _aPublic domain in the USA.
516 _aElectronic text
830 0 _aProject Gutenberg
_v35970
856 4 0 _uhttp://www.gutenberg.org/ebooks/35970
942 _cEB
999 _c265225
_d265225